| 000 | 00693nam a2200229Ia 4500 | ||
|---|---|---|---|
| 005 | 20241129104132.0 | ||
| 008 | 241129s9999||||xx |||||||||||||| ||und|| | ||
| 020 | _a9781398603028 | ||
| 037 | _aTextual | ||
| 040 |
_aRTL _beng _cRTL |
||
| 041 |
_aeng _2eng |
||
| 084 |
_aX:92 Q5;R2 _qRTL |
||
| 100 | _aArmstrong Michael | ||
| 245 | 0 |
_aArmstrong's handbook of performance management: An evidence-based guide to performance leadership _cArmstrong Michael |
|
| 250 | _a7th | ||
| 260 |
_aNew York _bKogan Page _c2022 |
||
| 300 | _axi,266p. | ||
| 365 |
_aINR _b3741.54 |
||
| 650 |
_aPerformance Management _9449370 |
||
| 942 |
_cTB _hX:92 Q5;R2 |
||
| 999 |
_c1224575 _d1224575 |
||